书目信息 |
| 题名: |
电路实验教材
|
|
| 作者: | 秦文明 , 孙裕儒 | |
| 分册: | ||
| 出版信息: | 长春 吉林人民出版社 2005 |
|
| 页数: | 90页 | |
| 开本: | 26cm | |
| 丛书名: | ||
| 单 册: | ||
| 中图分类: | TM13-33 | |
| 科图分类: | ||
| 主题词: | 电路--实验--高等教育--教材 , 电路 | |
| 电子资源: | ||
| ISBN: | 7-206-02753-9 | |
| 000 | 00869nam0 2200265 45 | |
| 001 | 0120066003241 | |
| 005 | 20070708153818.50 | |
| 010 | @a7-206-02753-9@dCNY15.60 | |
| 092 | @aCN@b491477 | |
| 100 | @a20060417d2005 em y0chiy0120 ea | |
| 101 | 0 | @achi |
| 102 | @aCN@b220000 | |
| 105 | @aa z 000yy | |
| 200 | 1 | @a电路实验教材@9dian lu shi yan jiao cai@f秦文明,孙裕儒主编 |
| 205 | @a2版 | |
| 210 | @a长春@c吉林人民出版社@d2005 | |
| 215 | @a90页@c图@d26cm | |
| 330 | @a本书是为了配合电子、信息、通信等专业电路基础课教学而编写的实验指导教材,电路实验的基础知识;电路实验所用仪器仪表的原理及使用方法;电路基础性实验;提高性实验等。 | |
| 606 | 0 | @a电路@x实验@x高等教育@j教材 |
| 606 | 0 | @a电路 |
| 690 | @aTM13-33@v4 | |
| 701 | 0 | @a秦文明@9qin wen ming |
| 701 | 0 | @a孙裕儒@9sun yu ru@4主编 |
| 801 | 0 | @aCN@bLZJBOOK@c20070708 |
| 905 | @a10447@dTM13-33@e149=2 | |
| 电路实验教材/秦文明,孙裕儒主编.-2版.-长春:吉林人民出版社,2005 |
| 90页:图;26cm |
| ISBN 7-206-02753-9:CNY15.60 |
| 本书是为了配合电子、信息、通信等专业电路基础课教学而编写的实验指导教材,电路实验的基础知识;电路实验所用仪器仪表的原理及使用方法;电路基础性实验;提高性实验等。 |
| ● |
| 相关链接 |
|
|
|
|
正题名:电路实验教材
索取号:TM13-33/149=2
 
预约/预借
| 序号 | 登录号 | 条形码 | 馆藏地/架位号 | 状态 | 备注 |
| 1 | 0562397 | 205623976 | 第二样本阅览室/ [索取号:TM13-33/149=2] | 在馆 | |
| 2 | 0562398 | 205623985 | 第三借阅区/ [索取号:TM13-33/149=2] | 在馆 | |
| 3 | 0562399 | 205623994 | 第三借阅区/ [索取号:TM13-33/149=2] | 在馆 | |
| 4 | 0562400 | 205624001 | 第三借阅区/ [索取号:TM13-33/149=2] | 在馆 | |
| 5 | 0562401 | 205624010 | 第三借阅区/ [索取号:TM13-33/149=2] | 在馆 | |
| 6 | 0562402 | 205624029 | 第三借阅区/ [索取号:TM13-33/149=2] | 在馆 | |
| 7 | 0562403 | 205624038 | 第三借阅区/ [索取号:TM13-33/149=2] | 在馆 | |
| 8 | 0562404 | 205624047 | 第三借阅区/ [索取号:TM13-33/149=2] | 在馆 |